[Event "Sparkassen-Open B"]
[Site "Heusenstamm, Martinsee"]
[Date "2019.11.22"]
[Round "2.64"]
[White "Moldenhauer, Nils"]
[Black "de Boer, Alex"]
[Result "1-0"]
[WhiteElo "1453"]
[BlackElo "1094"]
[PlyCount "203"]
[EventDate "2019.??.??"]
[WhiteTeam "SV Oberursel"]
[BlackTeam "SK Bickenbach"]

1. e4 e5 2. Nf3 Nc6 3. Bc4 Bc5 4. c3 d6 5. d3 Bg4 6. O-O h6 7. Nbd2 Nf6 8. Re1
O-O 9. Nf1 Nh5 10. h3 Bxf3 11. Qxf3 Qf6 12. Qxf6 Nxf6 13. Be3 Bb6 14. Ng3 Ne7
15. Rad1 c6 16. d4 Ng6 17. Rf1 Bc7 18. d5 c5 19. Bd3 Bd8 20. c4 Nh7 21. Nf5 Bc7
22. a3 Rfe8 23. b4 b6 24. Rb1 Rab8 25. f4 exf4 26. Bxf4 Nxf4 27. Rxf4 Nf6 28.
Re1 Re5 29. Nxh6+ Kf8 30. Nf5 Rbe8 31. Rh4 g6 32. Ng3 Kg7 33. Rf4 Rg5 34. Ref1
Bd8 35. Ne2 Rh8 36. Kh2 Ng4+ 37. Kh1 f6 38. R4f3 Ne5 39. Re3 Rh4 40. Rf4 Rh8
41. Nc3 Ng4 42. Ref3 Ne5 43. Re3 Ng4 44. Re1 Ne5 45. Be2 Nf7 46. Bg4 Ne5 47.
Be2 Nf7 48. Kh2 Re5 49. Ref1 Rhe8 50. Bd3 Rh8 51. Nb5 a6 52. Na7 Rg5 53. Nc6
Rf8 54. Nb8 Ne5 55. Be2 a5 56. bxa5 bxa5 57. Rd1 Rf7 58. g4 Nd7 59. Nc6 Bc7 60.
h4 Re5 61. Nxe5 dxe5 62. Rf3 Bb6 63. h5 g5 64. Rh3 Kh6 65. Rb1 Rf8 66. Bd1 Rb8
67. Rf3 Kg7 68. Ba4 Nf8 69. Rd3 Kh6 70. d6 Ne6 71. d7 Kg7 72. Rxb6 Rxb6 73.
d8=Q Nxd8 74. Rxd8 Rb2+ 75. Kg1 Re2 76. Rd5 Rxe4 77. Rxc5 Rxg4+ 78. Kf2 Rf4+
79. Kg3 Kh6 80. Bd1 Rd4 81. Be2 Rd2 82. Kf2 g4 83. Kf1 Kxh5 84. Rc8 Rd4 85. c5
Kh4 86. Rh8+ Kg3 87. Rg8 Rf4+ 88. Kg1 Re4 89. Rxg4+ Rxg4 90. Bxg4 Kxg4 91. c6
e4 92. c7 e3 93. c8=Q+ f5 94. Kf1 a4 95. Ke2 Kg3 96. Qxf5 Kh4 97. Kf3 e2 98.
Kxe2 Kg3 99. Ke3 Kh4 100. Qg6 Kh3 101. Kf3 Kh2 102. Qg2# 1-0

[Event "Sparkassen-Open B"]
[Site "Heusenstamm, Martinsee"]
[Date "2019.11.22"]
[Round "2.65"]
[White "Brunner, Andreas"]
[Black "Neininger, Sarah"]
[Result "1-0"]
[WhiteElo "1449"]
[BlackElo "1255"]
[PlyCount "53"]
[EventDate "2019.??.??"]
[WhiteTeam "Berkershm"]
[BlackTeam "SV Oberursel"]

1. Nf3 d5 2. c4 e6 3. g3 Nf6 4. Bg2 Nbd7 5. cxd5 exd5 6. b3 Bc5 7. Bb2 O-O 8.
O-O b6 9. a3 Bb7 10. b4 Bd6 11. d4 Ne4 12. Nbd2 Ndf6 13. Rc1 Re8 14. Rc2 Qd7
15. e3 Ba6 16. Re1 Bd3 17. Rc1 Re7 18. Nf1 Bc4 19. N1d2 Bb5 20. Ne5 Bxe5 21.
dxe5 Nxd2 22. exf6 gxf6 23. Qxd2 Rae8 24. Bxf6 Re6 25. Bh3 Qd6 26. Bxe6 Rxe6
27. Bh4 1-0

[Event "Sparkassen-Open B"]
[Site "Heusenstamm, Martinsee"]
[Date "2019.11.22"]
[Round "2.67"]
[White "Richter, Tim"]
[Black "Lochmann, Tobias"]
[Result "1-0"]
[WhiteElo "1446"]
[BlackElo "1158"]
[PlyCount "37"]
[EventDate "2019.??.??"]
[WhiteTeam "SF Heidesheim"]
[BlackTeam "SV Groß-Gerau"]

1. d4 d5 2. Bf4 e6 3. Nf3 Nf6 4. e3 g6 5. Bd3 Bg7 6. Nbd2 O-O 7. Qe2 Ne4 8.
Nxe4 dxe4 9. Bxe4 Bf6 10. O-O-O Nc6 11. h4 e5 12. dxe5 Be7 13. Rxd8 Rxd8 14.
Bxc6 bxc6 15. Rd1 Re8 16. Bg5 Bc5 17. Qc4 Be6 18. Qxc5 Rab8 19. Qxc6 1-0

[Event "Sparkassen-Open B"]
[Site "Heusenstamm, Martinsee"]
[Date "2019.11.22"]
[Round "2.68"]
[White "Winter, Thomas"]
[Black "Matsoukas, Konstantinos"]
[Result "1-0"]
[WhiteElo "1434"]
[BlackElo "1069"]
[PlyCount "75"]
[EventDate "2019.??.??"]
[WhiteTeam "SV Oberursel"]
[BlackTeam "Frankfurter TV"]

1. e4 e5 2. Nf3 Nc6 3. Bb5 a6 4. Ba4 Bc5 5. c3 d6 6. d4 exd4 7. cxd4 Bb6 8. d5
Bd7 9. dxc6 bxc6 10. O-O Nf6 11. Re1 O-O 12. Bg5 Re8 13. Qc2 c5 14. Bxd7 Qxd7
15. Bxf6 gxf6 16. Nc3 c6 17. Rad1 Ba5 18. Re3 Rab8 19. Nh4 Re6 20. Nf5 Qd8 21.
Qe2 Rb7 22. Qg4+ Kf8 23. Rg3 Ke8 24. Ng7+ Kd7 25. Nxe6 Qe7 26. Nxc5+ Kc7 27.
Nxb7 Kxb7 28. Rgd3 Bc7 29. Qf3 Qe5 30. Qf5 Qxf5 31. exf5 d5 32. Na4 Bd6 33. a3
c5 34. Rxd5 Bf8 35. Rd7+ Kc6 36. Rxf7 Bd6 37. Rxf6 Kc7 38. Rdxd6 1-0

[Event "Sparkassen-Open B"]
[Site "Heusenstamm, Martinsee"]
[Date "2019.11.22"]
[Round "2.69"]
[White "Moissl, Julian"]
[Black "Sarbu, Marc Constantin"]
[Result "0-1"]
[WhiteElo "915"]
[BlackElo "1421"]
[PlyCount "38"]
[EventDate "2019.??.??"]
[WhiteTeam "SK Bad Homburg"]
[BlackTeam "SC Saarlouis"]

1. d4 Nf6 2. c4 e6 3. Nc3 Bb4 4. Bd2 b6 5. a3 Ba5 6. b4 Bxb4 7. axb4 Bb7 8. e3
O-O 9. Nf3 Ne4 10. Bd3 Ng5 11. Be2 Nc6 12. b5 Ne7 13. O-O Nf5 14. Qc2 Nxf3+ 15.
Bxf3 Bxf3 16. gxf3 Qg5+ 17. Kh1 Nh4 18. Rg1 Qh5 19. f4 Qf3+ 0-1

[Event "Sparkassen-Open B"]
[Site "Heusenstamm, Martinsee"]
[Date "2019.11.22"]
[Round "3.1"]
[White "Pichl, Christoph"]
[Black "Goff, Simon"]
[Result "0-1"]
[WhiteElo "1611"]
[BlackElo "1780"]
[PlyCount "50"]
[EventDate "2019.??.??"]
[WhiteTeam "SK Bad Homburg"]
[BlackTeam "SK Gießen"]

1. d4 g6 2. Bf4 Bg7 3. e3 d6 4. Nf3 Nf6 5. Bd3 Nfd7 6. Bg3 O-O 7. O-O e5 8.
dxe5 dxe5 9. Nc3 c6 10. Bc4 a5 11. a4 Qb6 12. Ra3 Qb4 13. Be2 f6 14. Rb3 Qe7
15. Ne4 Nc5 16. Nxc5 Qxc5 17. e4 Qe7 18. Qd2 Be6 19. Re3 Bh6 20. Bh4 Bxe3 21.
Qxe3 Nd7 22. b3 Qc5 23. Qxc5 Nxc5 24. Bd3 g5 25. Bg3 Rad8 0-1

[Event "Sparkassen-Open B"]
[Site "Heusenstamm, Martinsee"]
[Date "2019.11.22"]
[Round "3.2"]
[White "Lasschuit, Rene"]
[Black "Griesfeller, Sven"]
[Result "1-0"]
[WhiteElo "1761"]
[BlackElo "1518"]
[PlyCount "49"]
[EventDate "2019.??.??"]
[WhiteTeam "SV Berolina Mitte"]
[BlackTeam "SV Büdingen-Ortenberg"]

1. g3 Nf6 2. Bg2 e6 3. Nf3 d5 4. O-O Be7 5. d4 O-O 6. c4 b6 7. cxd5 exd5 8. Nc3
Bf5 9. Bf4 c6 10. Qa4 Bd6 11. Ne5 Qc7 12. Rac1 Be6 13. e4 Qb7 14. Rfe1 Nh5 15.
Bd2 Rd8 16. exd5 cxd5 17. Nb5 Na6 18. Bf1 Nc7 19. Nxc7 Bxc7 20. Ba6 Qb8 21. Nc6
Bd7 22. Bb5 Bxc6 23. Bxc6 b5 24. Qd1 Nxg3 25. Bxa8 1-0

[Event "Sparkassen-Open B"]
[Site "Heusenstamm, Martinsee"]
[Date "2019.11.22"]
[Round "3.3"]
[White "Hegel, Jonas"]
[Black "Weyerer, Noah"]
[Result "1/2-1/2"]
[WhiteElo "1616"]
[BlackElo "1362"]
[PlyCount "98"]
[EventDate "2019.??.??"]
[WhiteTeam "SC Peiting"]
[BlackTeam "SV Oberursel"]

1. e4 e6 2. d4 d5 3. exd5 exd5 4. Nf3 Bd6 5. Bd3 Nc6 6. O-O Nge7 7. c3 Bg4 8.
Nbd2 Qd7 9. b4 Ng6 10. Re1+ Nce7 11. Nb3 Nh4 12. Be2 Nxf3+ 13. Bxf3 Bxf3 14.
Qxf3 O-O 15. Bd2 c6 16. Re2 Ng6 17. Rae1 Rfe8 18. Qh3 Red8 19. Qxd7 Rxd7 20.
Re8+ Rxe8 21. Rxe8+ Nf8 22. Na5 Rc7 23. Rd8 b6 24. Rxd6 bxa5 25. Rd8 f6 26. Bf4
Re7 27. Kf1 Rd7 28. Rxd7 Nxd7 29. bxa5 a6 30. Bd6 Kf7 31. Ke2 Ke6 32. Bb4 f5
33. f3 Nf6 34. Bf8 g6 35. Bg7 Nd7 36. Kd3 Kd6 37. f4 Ke6 38. Ke3 Nf6 39. Bxf6
Kxf6 40. Kd3 Ke6 41. c4 Kd6 42. c5+ Ke6 43. Ke3 h6 44. h3 Kf6 45. Kf3 g5 46. g4
fxg4+ 47. Kxg4 Kg6 48. fxg5 hxg5 49. Kf3 Kf5 1/2-1/2

[Event "Sparkassen-Open B"]
[Site "Heusenstamm, Martinsee"]
[Date "2019.11.22"]
[Round "3.4"]
[White "Baumann, Ralf-Rüdiger"]
[Black "Haftmann, Rainer"]
[Result "0-1"]
[WhiteElo "1600"]
[BlackElo "1712"]
[PlyCount "148"]
[EventDate "2019.??.??"]
[WhiteTeam "SVG Konstanz"]
[BlackTeam "SG Dietzenbach"]

1. e4 e5 2. Nf3 Nc6 3. Bc4 Be7 4. O-O Nf6 5. d3 O-O 6. c3 d6 7. Nbd2 Na5 8. Bb5
c6 9. Ba4 b5 10. Bc2 c5 11. Re1 Bd7 12. Nf1 Qc7 13. Bg5 h6 14. Bd2 Rac8 15. Ng3
Nc6 16. Nh4 Nh7 17. Nhf5 Bg5 18. Bxg5 Nxg5 19. h4 Ne6 20. Qg4 Kh7 21. Bb3 g6
22. Ne3 Nf4 23. Qd1 Be6 24. Bc2 Qe7 25. h5 Qg5 26. Bb3 gxh5 27. Qf3 h4 28. Ngf5
Rcd8 29. Bd1 Nxd3 30. Re2 c4 31. Rd2 Rg8 32. Be2 Bxf5 33. Qxf5+ Qxf5 34. Nxf5
Nf4 35. Nxh4 Nxe2+ 36. Rxe2 d5 37. exd5 Rxd5 38. Rae1 f6 39. Nf5 Rgd8 40. Re3
Rd3 41. Re4 Rg8 42. Rh4 Rg6 43. g3 Rd2 44. b3 cxb3 45. axb3 Rd3 46. c4 b4 47.
c5 a5 48. Kg2 Rxb3 49. Rd1 Nd4 50. Nxd4 exd4 51. Rhxd4 Rc3 52. Rd5 Rg5 53. Rd7+
Rg7 54. R7d5 Rc7 55. Ra1 R3xc5 56. Rxa5 Rxa5 57. Rxa5 Rb7 58. Ra1 b3 59. Rb1 b2
60. Kf3 Kg6 61. Ke4 Kg5 62. Kd5 Kg4 63. Ke4 f5+ 64. Ke3 Rb3+ 65. Ke2 h5 66. Kd2
Kf3 67. Ke1 f4 68. gxf4 Kxf4 69. Kf1 Kf3 70. Kg1 Rb4 71. Kf1 h4 72. Kg1 h3 73.
Kh2 Kxf2 74. Kxh3 Ke2 0-1

[Event "Sparkassen-Open B"]
[Site "Heusenstamm, Martinsee"]
[Date "2019.11.22"]
[Round "3.5"]
[White "Haas, Vanessa"]
[Black "Denz, Markus"]
[Result "0-1"]
[WhiteElo "1706"]
[BlackElo "1400"]
[PlyCount "54"]
[EventDate "2019.??.??"]
[WhiteTeam "SC FK Babenhausen"]
[BlackTeam "SC Hattersheim"]

1. e4 e5 2. Nf3 Nc6 3. Bb5 a6 4. Ba4 Nf6 5. d3 d6 6. h3 g6 7. c3 Bg7 8. Be3 O-O
9. Qd2 b5 10. Bb3 Na5 11. Bc2 c5 12. b4 cxb4 13. cxb4 Nc6 14. a3 Be6 15. Bh6 d5
16. Bxg7 Kxg7 17. Qg5 h6 18. Qe3 dxe4 19. dxe4 Rc8 20. Bd1 Nh5 21. O-O Qf6 22.
Nbd2 Nf4 23. Nh2 h5 24. Nhf3 Rfd8 25. Be2 Nd4 26. Nxd4 exd4 27. Qf3 Rc3 0-1

[Event "Sparkassen-Open B"]
[Site "Heusenstamm, Martinsee"]
[Date "2019.11.22"]
[Round "3.6"]
[White "Bursch, Alexander"]
[Black "Kirchner, Stefan"]
[Result "1/2-1/2"]
[WhiteElo "1699"]
[BlackElo "1575"]
[PlyCount "69"]
[EventDate "2019.??.??"]
[WhiteTeam "SV Hennef"]
[BlackTeam "SF Schöneck"]

1. b3 f5 2. e3 Nf6 3. Bb2 g6 4. f4 Bg7 5. Nf3 d6 6. Bc4 d5 7. Be2 O-O 8. O-O
Qe8 9. c4 c6 10. Qc1 e6 11. Ne5 Nbd7 12. d3 Nxe5 13. Bxe5 Qf7 14. Nd2 Re8 15.
Nf3 h6 16. h3 Nd7 17. Bc3 e5 18. fxe5 Nxe5 19. Qb2 Nxf3+ 20. Rxf3 Bxc3 21. Qxc3
Qg7 22. Qxg7+ Kxg7 23. cxd5 cxd5 24. Rc1 Re7 25. d4 Be6 26. Rff1 a6 27. Rc3
Rae8 28. Kf2 Bf7 29. Bf3 Be6 30. Rfc1 Kf6 31. Rc5 h5 32. R1c3 Rd7 33. Rc7 Red8
34. a4 Ke7 35. b4 1/2-1/2

[Event "Sparkassen-Open B"]
[Site "Heusenstamm, Martinsee"]
[Date "2019.11.22"]
[Round "3.7"]
[White "Behr, Julian"]
[Black "Treiber, Volker"]
[Result "1-0"]
[WhiteElo "1562"]
[BlackElo "1692"]
[PlyCount "54"]
[EventDate "2019.??.??"]
[WhiteTeam "SC Landskrone"]
[BlackTeam "SK Lohr"]

1. e4 d6 2. d4 Nf6 3. Nc3 g6 4. Nf3 Bg7 5. Bc4 c6 6. O-O Bg4 7. h3 Bxf3 8. Qxf3
O-O 9. Bg5 Nbd7 10. Rad1 Qc7 11. Rfe1 a6 12. a3 Rae8 13. Rd2 Qa5 14. Bh4 c5 15.
e5 Bh6 16. Rdd1 cxd4 17. exf6 Ne5 18. Rxe5 Qxe5 19. fxe7 dxc3 20. exf8=Q+ Rxf8
21. bxc3 b5 22. Bb3 Bg7 23. c4 bxc4 24. Bxc4 Qc5 25. Bb3 Be5 26. Be7 Bh2+ 27.
Kh1 Be5 1-0

[Event "Sparkassen-Open B"]
[Site "Heusenstamm, Martinsee"]
[Date "2019.11.22"]
[Round "3.8"]
[White "Probstfeld, Bernd"]
[Black "Gude, Michael"]
[Result "1/2-1/2"]
[WhiteElo "1531"]
[BlackElo "1685"]
[PlyCount "53"]
[EventDate "2019.??.??"]
[WhiteTeam "SG Pieroth"]
[BlackTeam "Frankfurter TV"]

1. d4 e6 2. Nf3 f5 3. c4 Nf6 4. Nc3 Be7 5. e3 c6 6. Bd3 d5 7. O-O O-O 8. b3 b6
9. Bb2 Na6 10. a3 Bd6 11. Qe2 Nc7 12. Nd2 Bd7 13. b4 Be8 14. Rac1 Bh5 15. f3
Ne4 16. Qe1 Nxd2 17. Qxd2 Rf6 18. c5 Bf8 19. Ne2 Rh6 20. Nf4 Be8 21. Nh3 Bd7
22. f4 Be7 23. Rf3 Be8 24. Be2 Bh4 25. Rcf1 b5 26. Bc3 Bd7 27. Qd1 1/2-1/2

[Event "Sparkassen-Open B"]
[Site "Heusenstamm, Martinsee"]
[Date "2019.11.22"]
[Round "3.9"]
[White "Ilievski, Kosto"]
[Black "Kähm, Kevin"]
[Result "0-1"]
[WhiteElo "1678"]
[BlackElo "1468"]
[PlyCount "76"]
[EventDate "2019.??.??"]
[WhiteTeam "SC Groß-Zimmern"]
[BlackTeam "SK Bischofsheim"]

1. Nf3 Nf6 2. d4 d5 3. c4 dxc4 4. e3 g6 5. Bxc4 Bg7 6. O-O O-O 7. Qb3 b6 8. Nc3
Bb7 9. Be2 e6 10. Ne5 Nbd7 11. Nxd7 Qxd7 12. Qd1 Nd5 13. Nxd5 exd5 14. Bf3 Rfe8
15. Rb1 c6 16. h3 Qd6 17. g3 Bc8 18. Bg2 Bf5 19. Ra1 Qd7 20. Kh2 h5 21. h4 Qd6
22. Bh3 Bxh3 23. Kxh3 Bf6 24. f4 Re4 25. Bd2 Rae8 26. Qa4 Qd7+ 27. Kg2 Bxd4 28.
exd4 Re2+ 29. Rf2 Qg4 30. Raf1 g5 31. fxg5 Qe4+ 32. Kg1 Qd3 33. Bf4 Rxf2 34.
Rxf2 Re1+ 35. Kg2 Qe4+ 36. Rf3 Re2+ 37. Kh3 Qxf3 38. Qd1 Qg2# 0-1

[Event "Sparkassen-Open B"]
[Site "Heusenstamm, Martinsee"]
[Date "2019.11.22"]
[Round "3.10"]
[White "Gnandt, Michael"]
[Black "Suliga, Eckhard"]
[Result "0-1"]
[WhiteElo "1434"]
[BlackElo "1656"]
[PlyCount "39"]
[EventDate "2019.??.??"]
[WhiteTeam "SV Steinhausen"]
[BlackTeam "SC Lüneburg"]

1. e4 e6 2. Nc3 d5 3. exd5 exd5 4. d3 Nf6 5. Bf4 Bb4 6. Qe2+ Be6 7. Bd2 O-O 8.
f3 Nc6 9. Qf2 d4 10. Ne4 Bxd2+ 11. Qxd2 Nd5 12. O-O-O a5 13. a3 b5 14. Nc5 a4
15. Ne2 b4 16. Nxe6 fxe6 17. axb4 Ndxb4 18. c3 dxc3 19. Nxc3 Nd4 20. Nb5 0-1

[Event "Sparkassen-Open B"]
[Site "Heusenstamm, Martinsee"]
[Date "2019.11.22"]
[Round "3.11"]
[White "Rashed, Mohammed"]
[Black "Buchinger, Alexis"]
[Result "1-0"]
[WhiteElo "1566"]
[BlackElo "1399"]
[PlyCount "65"]
[EventDate "2019.??.??"]
[WhiteTeam "Sfr. Mörfelden"]
[BlackTeam "SF Neuberg"]

1. e4 e5 2. Nf3 Nc6 3. Bc4 Bc5 4. c3 Nf6 5. d4 exd4 6. cxd4 Bb4+ 7. Nc3 Nxe4 8.
O-O Bxc3 9. bxc3 d5 10. Qc2 O-O 11. Bd3 Bf5 12. Ng5 Re8 13. f3 Nxg5 14. Bxf5
Qf6 15. Bxg5 Qxg5 16. Bxh7+ Kh8 17. f4 Qh5 18. Rf3 Qh4 19. Raf1 Re1 20. Bd3 Kg8
21. Qb3 Rxf1+ 22. Rxf1 Rb8 23. Qxd5 Qe7 24. Bc4 Rf8 25. Qf3 Qf6 26. Kh1 Na5 27.
Bd3 Qd6 28. Qh5 g6 29. Qxa5 a6 30. Qe5 Qa3 31. Qxc7 Qxa2 32. f5 Qd2 33. Qg3 1-0

[Event "Sparkassen-Open B"]
[Site "Heusenstamm, Martinsee"]
[Date "2019.11.22"]
[Round "3.12"]
[White "Tobias, Christian"]
[Black "Bastian, Ben"]
[Result "1-0"]
[WhiteElo "1354"]
[BlackElo "1632"]
[PlyCount "39"]
[EventDate "2019.??.??"]
[WhiteTeam "SV Oberursel"]
[BlackTeam "SC Herborn"]

1. e4 c6 2. d4 d5 3. exd5 cxd5 4. Nf3 Nf6 5. Be3 Nc6 6. c4 dxc4 7. Bxc4 Bg4 8.
Be2 e6 9. O-O Nd5 10. Nc3 Nxe3 11. fxe3 Bd6 12. Ne4 O-O 13. Nxd6 Qxd6 14. Qd3
Nb4 15. Qd2 Rac8 16. a3 Rc2 17. Qd1 Rfc8 18. axb4 Qxb4 19. Bd3 Rd2 20. Qxd2 1-0

[Event "Sparkassen-Open B"]
[Site "Heusenstamm, Martinsee"]
[Date "2019.11.22"]
[Round "3.13"]
[White "Plattner, Rolf"]
[Black "Stepanov, Maximilian"]
[Result "1/2-1/2"]
[WhiteElo "1787"]
[BlackElo "1561"]
[PlyCount "40"]
[EventDate "2019.??.??"]
[WhiteTeam "SK Langen"]
[BlackTeam "SK Gräfelfing"]

1. e4 e6 2. d4 d5 3. Nc3 Nf6 4. e5 Nfd7 5. f4 c5 6. Nf3 Nc6 7. Ne2 cxd4 8.
Nexd4 a6 9. c3 Be7 10. Bd3 Nc5 11. Bc2 O-O 12. O-O Qc7 13. Qe2 Nd7 14. Qd3 g6
15. b4 b5 16. Be3 Nb6 17. g4 Nxd4 18. Bxd4 Nc4 19. a3 a5 20. Qe2 Bd7 1/2-1/2

[Event "Sparkassen-Open B"]
[Site "Heusenstamm, Martinsee"]
[Date "2019.11.22"]
[Round "3.14"]
[White "Piepenhagen, Eric"]
[Black "Draxler, Gottfried"]
[Result "0-1"]
[WhiteElo "1581"]
[BlackElo "1762"]
[PlyCount "64"]
[EventDate "2019.??.??"]
[WhiteTeam "SG Rödermark"]
[BlackTeam "SF Neuberg"]

1. b4 e5 2. Bb2 f6 3. a3 d5 4. e3 Bd6 5. c4 c6 6. d4 Be6 7. c5 Bc7 8. dxe5 fxe5
9. Bxe5 Bxe5 10. Qh5+ g6 11. Qxe5 Qf6 12. Nf3 Qxe5 13. Nxe5 Nf6 14. Nd2 Nbd7
15. Nxd7 Nxd7 16. Nf3 O-O-O 17. Rc1 Kb8 18. b5 Rc8 19. Nd4 Bf7 20. bxc6 bxc6
21. Be2 Kc7 22. Ba6 Rb8 23. O-O Rb2 24. Bd3 Rhb8 25. Nc2 Nxc5 26. Nb4 R2xb4 27.
Bxg6 Bxg6 28. axb4 Nd3 29. Ra1 Rb7 30. b5 cxb5 31. f4 Kb6 32. f5 Bf7 0-1

[Event "Sparkassen-Open B"]
[Site "Heusenstamm, Martinsee"]
[Date "2019.11.22"]
[Round "3.15"]
[White "Bengsch, Norbert"]
[Black "Traut, Stefan"]
[Result "0-1"]
[WhiteElo "1742"]
[BlackElo "1585"]
[PlyCount "40"]
[EventDate "2019.??.??"]
[WhiteTeam "SG Donautal Tuttlingen"]
[BlackTeam "SF Heusenstamm"]

1. d4 Nf6 2. Bf4 d6 3. Nc3 g6 4. e4 Nbd7 5. Nf3 Bg7 6. Qd2 O-O 7. Bh6 c5 8. h4
cxd4 9. Nxd4 Nc5 10. f3 a6 11. Bxg7 Kxg7 12. g4 e5 13. Nde2 Qc7 14. O-O-O Rd8
15. h5 Be6 16. hxg6 fxg6 17. Qh6+ Kg8 18. Nd5 Bxd5 19. exd5 Rac8 20. g5 Nb3+
0-1

[Event "Sparkassen-Open B"]
[Site "Heusenstamm, Martinsee"]
[Date "2019.11.22"]
[Round "3.16"]
[White "Schwenk, Stefan"]
[Black "Pidgora, Andrejs"]
[Result "1/2-1/2"]
[WhiteElo "1723"]
[BlackElo "1546"]
[PlyCount "103"]
[EventDate "2019.??.??"]
[WhiteTeam "SK Geisenheim"]
[BlackTeam "Riga Chess School"]

1. c4 e6 2. g3 Nf6 3. Bg2 d5 4. cxd5 exd5 5. e3 Be7 6. Nc3 O-O 7. Nge2 Nc6 8.
O-O Bf5 9. a3 Re8 10. d4 Na5 11. Nf4 c6 12. Re1 Bd6 13. Nd3 Re7 14. b4 Nc4 15.
Nb2 Nxb2 16. Bxb2 Qd7 17. Qd2 Rae8 18. Re2 Ne4 19. Nxe4 dxe4 20. Qe1 Bc7 21.
Rd2 Qd5 22. Rc1 Bd6 23. Bf1 b5 24. Rdc2 Rc7 25. Qd2 Kf8 26. a4 a6 27. axb5 axb5
28. Ra1 Rcc8 29. Bc3 Ra8 30. Rca2 Rxa2 31. Rxa2 Rc8 32. Qb2 Ke7 33. Ra3 Kd8 34.
Qe2 Ke7 35. Bg2 Kd8 36. Qh5 Kd7 37. g4 g6 38. Qh4 Be6 39. h3 h5 40. gxh5 Qxh5
41. Ra7+ Rc7 42. Qxh5 gxh5 43. Ra8 Bf5 44. Kf1 Rc8 45. Ra6 Ke6 46. Ke2 Rg8 47.
Bf1 Kd5 48. Be1 Rg1 49. Ra7 Ke6 50. Ra6 Kd5 51. Ra7 Ke6 52. Ra6 1/2-1/2

[Event "Sparkassen-Open B"]
[Site "Heusenstamm, Martinsee"]
[Date "2019.11.22"]
[Round "3.17"]
[White "Dinse, Michael"]
[Black "Lietz, Helmuth"]
[Result "1/2-1/2"]
[WhiteElo "1709"]
[BlackElo "1519"]
[PlyCount "44"]
[EventDate "2019.??.??"]
[WhiteTeam "SC Turm Reinfeld"]
[BlackTeam "SC Taunusstein"]

1. d4 d5 2. c4 c6 3. e3 Nf6 4. Nc3 Nbd7 5. Nf3 e6 6. Be2 dxc4 7. Bxc4 b5 8. Bd3
Bb7 9. a3 Bd6 10. O-O O-O 11. h3 Rc8 12. e4 e5 13. Be3 a6 14. b4 Re8 15. Bg5
Bb8 16. g3 Qc7 17. Rc1 Ba7 18. Bb1 exd4 19. Nxd4 Qe5 20. Be3 c5 21. Nf3 Qh5 22.
Kg2 cxb4 1/2-1/2

[Event "Sparkassen-Open B"]
[Site "Heusenstamm, Martinsee"]
[Date "2019.11.22"]
[Round "3.18"]
[White "Plaumann, Arvin"]
[Black "Cromm, Mika"]
[Result "0-1"]
[WhiteElo "1691"]
[BlackElo "1451"]
[PlyCount "59"]
[EventDate "2019.??.??"]
[WhiteTeam "SF Heidesheim"]
[BlackTeam "TuS Löhnberg"]

1. e4 e5 2. Nf3 Nc6 3. Bc4 Bc5 4. d3 h6 5. c3 Nf6 6. Bb3 d6 7. h3 O-O 8. Nbd2
Re8 9. Nf1 Ne7 10. g4 a5 11. g5 hxg5 12. Nxg5 Rf8 13. Be3 Bxe3 14. Nxe3 Ng6 15.
Ng4 Nxg4 16. Nxf7 Rxf7 17. Bxf7+ Kxf7 18. hxg4 Nf4 19. Qf3 Qg5 20. Rg1 Be6 21.
c4 Rh8 22. O-O-O Ke7 23. Rd2 Rh4 24. Qe3 Rxg4 25. Rxg4 Qxg4 26. Qa7 Ne2+ 27.
Kc2 Nd4+ 28. Kc1 Qg1+ 29. Rd1 Qxf2 30. Rd2 0-1

[Event "Sparkassen-Open B"]
[Site "Heusenstamm, Martinsee"]
[Date "2019.11.22"]
[Round "3.19"]
[White "Mensendiek, Theodor"]
[Black "Zerhusen, Martin"]
[Result "0-1"]
[WhiteElo "1577"]
[BlackElo "1691"]
[PlyCount "74"]
[EventDate "2019.??.??"]
[WhiteTeam "SF Heusenstamm"]
[BlackTeam "SV Oberursel"]

1. e4 c5 2. Nf3 Nc6 3. Bb5 d6 4. c3 Bd7 5. d4 cxd4 6. cxd4 a6 7. Ba4 b5 8. Bc2
Bg4 9. a3 g6 10. Be3 Bg7 11. Bb3 Nf6 12. Qc2 Rc8 13. Ng5 O-O 14. Nc3 h6 15. f3
Bd7 16. Nxf7 Rxf7 17. e5 dxe5 18. Bxh6 Bf5 19. Bxf7+ Kxf7 20. Qb3+ Be6 21. d5
Bxd5 22. Nxd5 Qxd5 23. Qxd5+ Nxd5 24. Bd2 Nd4 25. Rc1 Rxc1+ 26. Bxc1 Nf4 27.
Kf2 Nd3+ 28. Ke3 Nxc1 29. Ke4 Nce2 30. g3 Ke6 31. f4 exf4 32. gxf4 Bh6 33. Rf1
Nf5 34. Re1 Nxf4 35. Kf3+ Kd6 36. Rd1+ Nd5 37. Ke4 e6 0-1

[Event "Sparkassen-Open B"]
[Site "Heusenstamm, Martinsee"]
[Date "2019.11.22"]
[Round "3.20"]
[White "Raghavan, Badrinarayanan"]
[Black "Spinnler, Wolfgang"]
[Result "1-0"]
[WhiteElo "1642"]
[BlackElo "1541"]
[PlyCount "55"]
[EventDate "2019.??.??"]
[WhiteTeam "SK Gießen"]
[BlackTeam "SC Landskrone"]

1. e4 d5 2. exd5 Qxd5 3. Nc3 Qd8 4. Nf3 Bg4 5. d4 Nf6 6. Bb5+ Nbd7 7. Bf4 c6 8.
Be2 Bxf3 9. Bxf3 e6 10. O-O Be7 11. Re1 O-O 12. Qe2 Nd5 13. Nxd5 cxd5 14. Bxd5
Bb4 15. Bxb7 Bxe1 16. Bxa8 Bxf2+ 17. Qxf2 Qxa8 18. Rf1 Qb7 19. Bd6 Nf6 20. Bxf8
Kxf8 21. c3 Ne4 22. Qh4 Nf6 23. Qf2 Ne4 24. Qc2 f5 25. Qb3 Qe7 26. Qb8+ Kf7 27.
Qe5 Qg5 28. Qxe4 1-0

[Event "Sparkassen-Open B"]
[Site "Heusenstamm, Martinsee"]
[Date "2019.11.22"]
[Round "3.21"]
[White "Schmid, Leon"]
[Black "Heun, Andreas"]
[Result "0-1"]
[WhiteElo "1546"]
[BlackElo "1640"]
[PlyCount "96"]
[EventDate "2019.??.??"]
[WhiteTeam "SF Heidesheim"]
[BlackTeam "SC Ladja Roßdorf"]

1. d4 Nf6 2. c4 c5 3. Nc3 cxd4 4. Qxd4 Nc6 5. Qd1 g6 6. Bg5 Bg7 7. e3 Qa5 8.
Bxf6 Bxf6 9. Nge2 d6 10. g3 Bg4 11. Qd2 Ne5 12. Nd4 Bf3 13. Rg1 Rc8 14. b3 O-O
15. Rc1 a6 16. Be2 Bxe2 17. Kxe2 b5 18. cxb5 axb5 19. Ncxb5 Qxd2+ 20. Kxd2 Ng4
21. Rxc8 Rxc8 22. f3 Ne5 23. Rc1 Ra8 24. a4 Nd7 25. Rb1 h5 26. Rb2 e5 27. Nc2
e4 28. Rb1 Nc5 29. b4 Nxa4 30. fxe4 Nb6 31. Ke2 Ra2 32. Nba3 Nc4 33. Nxc4 Rxc2+
34. Kd3 Rc3+ 35. Kd2 Rxc4 36. b5 Rc8 37. Kd3 Rb8 38. Kc4 Rb6 39. Kb4 Kg7 40.
Ka5 Bd8 41. Kb4 Kf6 42. Ra1 Ke6 43. Ra8 Bg5 44. Ra3 Ke5 45. Ka5 Bd8 46. Ra4
Rb8+ 47. Kb4 Bb6 48. Kc4 Bxe3 0-1

[Event "Sparkassen-Open B"]
[Site "Heusenstamm, Martinsee"]
[Date "2019.11.22"]
[Round "3.22"]
[White "Baltic, Sara"]
[Black "Firinci, Erdem"]
[Result "1-0"]
[WhiteElo "1520"]
[BlackElo "1613"]
[PlyCount "96"]
[EventDate "2019.??.??"]
[WhiteTeam "SG Porz"]
[BlackTeam "SF Heusenstamm"]

1. e4 c5 2. Nf3 d6 3. d4 cxd4 4. Nxd4 e5 5. Ne2 Nf6 6. Nbc3 Be7 7. g3 Nc6 8.
Bg2 O-O 9. O-O Bd7 10. Bg5 Be6 11. Bxf6 Bxf6 12. Nd5 Bxd5 13. Qxd5 Qc7 14. Qd2
Rfd8 15. c3 Rab8 16. Nc1 b5 17. Nd3 a5 18. Rac1 Qb6 19. Qc2 Rbc8 20. Qd1 b4 21.
cxb4 Nxb4 22. Nxb4 Qxb4 23. Rc2 Rxc2 24. Qxc2 Qb6 25. Rd1 h6 26. Bh3 Rb8 27.
Rb1 Qc5 28. Qxc5 dxc5 29. Bf1 Rb4 30. Bd3 a4 31. a3 Rd4 32. Bc2 Rc4 33. Bd3 Rd4
34. Rd1 Rd8 35. Bc2 Rb8 36. Rb1 Ra8 37. Bd1 Bg5 38. Bc2 h5 39. h4 Bf6 40. Bd1
g6 41. Rc1 Rb8 42. Bxa4 Rxb2 43. Rxc5 Ra2 44. Rc7 Rxa3 45. Be8 Ra6 46. Bxf7+
Kf8 47. Bxg6 Ra1+ 48. Kg2 Re1 1-0